000 00876nam a22001817a 4500
003 JO-AjAnu
005 20260419075057.0
008 260419b jo ||||| |||| 00| 0 ara d
040 _aANU
_cJO-AjAnu
041 _hARA
100 _aالزعبي، عمر أحمد عايد
_eمعد
_966947
245 _aبناء الجملة الأسمية في خطب الخلفاء الراشدين (دراسة نحوية دلالية) = (The Structure of the Nominal Sentences in the Sermons of the Rightly Guided Caliphs (Semantic Grammatical Study(=)
_c / عمر احمد عايد الزعبي؛ اشراف زهير محمد العرود
260 _aعجلون:
_bجامعة عجلون الوطنية؛
_c2025
300 _a121 ورقة
650 _vاللغة العربية-قواعد-نحو
700 _aالعرود، زهير محمد
_eمشرف
_966948
942 _2lcc
_cTHS
_n0
999 _c34176
_d34176